LEADER 01505nam--2200421---4500 001 990000796760203316 005 20101008121728.0 010 $a3-428-06420-8 035 $a0079676 035 $aUSA010079676 035 $a(ALEPH)000079676USA01 035 $a0079676 100 $a20011210d1988----km-y0ENGy0103----ba 101 $ager 102 $aITDE 200 1 $aGrundpflichten als Verfassungs problem in Deutschland$egeschichte Entwicklung und Grundgesetz$fvon Otto Luchterhandt 210 $aBerlin$cDuncker & Humblot$dc1988 215 $a646 p.$d24 cm 225 2 $aSchriften zum Öffentlichen Recht$v534 410 $aSchriften zum Öffentlichen Recht$12001$v536 606 $aCittadinanza$yGermania occidentale$yRepubblica federale tedesca 676 $a342.43083 700 1$aLUCHTERHANDT,$bOtto$0230494 801 0$aIT$bsalbc$gISBD 912 $a990000796760203316 951 $aXXIV.1. Coll. 1/ 136 (COLL AVO 534)$b69065 EC$cXXIV.1. Coll. 1/ 136 (COLL. AVO)$d00262656 959 $aBK 969 $aGIU 979 $aPATTY$b90$c20011210$lUSA01$h1038 979 $c20020403$lUSA01$h1726 979 $aPATRY$b90$c20040406$lUSA01$h1655 979 $aFIORELLA$b90$c20071004$lUSA01$h1219 979 $aRSIAV4$b90$c20100609$lUSA01$h1417 979 $aSENATORE$b90$c20101008$lUSA01$h1217 979 $aCHIARA$b90$c20120517$lUSA01$h0928 979 $aCHIARA$b90$c20120517$lUSA01$h0928 996 $aGrundpflichten als Verfassungs problem in Deutschland$9966033 997 $aUNISA LEADER 01122nam a2200337 i 4500 001 991001004469707536 005 20020507181459.0 008 961031s1973 de ||| | eng 020 $a3540061584 035 $ab1078780x-39ule_inst 035 $aLE01305594$9ExL 040 $aDip.to Matematica$beng 082 0 $a515.42 084 $aAMS 28B 084 $aAMS 28B05 084 $aAMS 46G10 100 1 $aBichteler, Klaus$065728 245 10$aIntegration theory (with special attention to vector measures) /$cKlaus Bichteler 260 $aBerlin :$bSpringer-Verlag,$c1973 300 $avi, 357 p. ;$c26 cm 490 0 $aLecture notes in mathematics,$x0075-8434 ;$v315 500 $aBibliography: p. 355-357 650 0$aIntegrals 650 0$aMeasure theory 650 0$aVector spaces 907 $a.b1078780x$b23-02-17$c28-06-02 912 $a991001004469707536 945 $aLE013 28B BIC11 (1973)$g1$i2013000065564$lle013$o-$pE0.00$q-$rl$s- $t0$u0$v0$w0$x0$y.i1088810x$z28-06-02 996 $aIntegration Theory$93088549 997 $aUNISALENTO 998 $ale013$b01-01-96$cm$da $e-$feng$gde $h0$i1